| Tag |
First Indicator |
Second Indicator |
Subfields |
| LEADER |
00000cam a22000001a 4500 |
| 001 |
in00002972821 |
| 005 |
20190402190423.0 |
| 006 |
m o d |
| 007 |
cr un mmmapmmp |
| 008 |
070903s1918 dcu o f000 0 eng d |
| 035 |
|
|
|a cis2004154398
|
| 040 |
|
|
|a UMI
|c UMI
|d UtOrBLW
|
| 043 |
|
|
|a n-us---
|
| 099 |
|
|
|a ProQuest Serial Set Number 7304 S.rp.207
|
| 110 |
1 |
|
|a United States.
|b Congress.
|b Senate.
|b Committee on Indian Affairs.
|
| 245 |
1 |
0 |
|a Sale of coal and asphalt deposits in segregated mineral land in the Choctaw and Chickasaw Nations.
|
| 246 |
1 |
|
|a Sale of coal and asphalt deposits in Choctaw and Chickasaw lands, Oklahoma
|
| 264 |
|
1 |
|a Washington :
|b [publisher not identified],
|c 1918.
|
| 300 |
|
|
|a 1 online resource.
|
| 336 |
|
|
|a text
|b txt
|2 rdacontent
|
| 337 |
|
|
|a computer
|b c
|2 rdamedia
|
| 338 |
|
|
|a online resource
|b cr
|2 rdacarrier
|
| 490 |
0 |
|
|a S.rp.207
|
| 500 |
|
|
|a Record is based on bibliographic data in ProQuest U.S. Serial Set Digital Collection (last viewed Aug. 2007). Reuse except for individual research requires license from ProQuest, LLC.
|
| 510 |
3 |
|
|a ProQuest U.S. Serial Set Digital Collection
|
| 500 |
|
|
|a Electronic resource.
|
| 650 |
|
0 |
|a Asphalt.
|
| 650 |
|
0 |
|a Coal mines and mining.
|
| 651 |
|
0 |
|a Oklahoma.
|
| 655 |
|
7 |
|a Electronic books.
|2 local
|
| 710 |
2 |
|
|a ProQuest (Firm)
|
| 830 |
|
0 |
|a United States congressional serial set.
|
| 856 |
4 |
0 |
|u http://proxy.library.tamu.edu/login?url=http://congressional.proquest.com/congcomp/getdoc?SERIAL-SET-ID=7304+S.rp.207
|z Connect to the full text of this electronic book
|t 0
|
| 999 |
|
|
|a MARS
|
| 999 |
f |
f |
|s 0fabc9ae-90da-36a2-9d5c-d0520be49865
|i 7162273f-40e6-3cdf-be1f-4adfd92d9143
|t 0
|
| 952 |
f |
f |
|a Texas A&M University
|b College Station
|c Electronic Resources
|d Available Online
|t 0
|e ProQuest Serial Set Number 7304 S.rp.207
|h Other scheme
|
| 998 |
f |
f |
|a ProQuest Serial Set Number 7304 S.rp.207
|t 0
|l Available Online
|